<?xml version="1.0" encoding="UTF-8"?>
<record
    xmlns:xsi="http://www.w3.org/2001/XMLSchema-instance"
    xsi:schemaLocation="http://www.loc.gov/MARC21/slim http://www.loc.gov/standards/marcxml/schema/MARC21slim.xsd"
    xmlns="http://www.loc.gov/MARC21/slim">

  <leader>01259nam a2200229   4500</leader>
  <datafield tag="952" ind1=" " ind2=" ">
    <subfield code="0">0</subfield>
    <subfield code="1">0</subfield>
    <subfield code="4">0</subfield>
    <subfield code="7">0</subfield>
    <subfield code="a">03</subfield>
    <subfield code="b">03</subfield>
    <subfield code="d">2015-04-07</subfield>
    <subfield code="l">0</subfield>
    <subfield code="o">HF5625 M67 2006</subfield>
    <subfield code="p">03 003450</subfield>
    <subfield code="r">2015-04-07</subfield>
    <subfield code="t">1</subfield>
    <subfield code="w">2015-04-07</subfield>
    <subfield code="y">LB</subfield>
  </datafield>
  <datafield tag="999" ind1=" " ind2=" ">
    <subfield code="c">96297</subfield>
    <subfield code="d">96297</subfield>
  </datafield>
  <controlfield tag="008">      t20062009mx a   s      0 sp sspa</controlfield>
  <datafield tag="020" ind1=" " ind2=" ">
    <subfield code="a">9702410207</subfield>
  </datafield>
  <datafield tag="050" ind1=" " ind2=" ">
    <subfield code="a">HF5625 </subfield>
    <subfield code="b">M67 2007</subfield>
  </datafield>
  <datafield tag="100" ind1="1" ind2=" ">
    <subfield code="a">Moreno Fern&#xE1;ndez, Joaqu&#xED;n</subfield>
    <subfield code="e">autor</subfield>
  </datafield>
  <datafield tag="245" ind1=" " ind2=" ">
    <subfield code="a">Contabilidad b&#xE1;sica</subfield>
    <subfield code="c"> / Joaqu&#xED;n Moreno Fern&#xE1;ndez</subfield>
  </datafield>
  <datafield tag="250" ind1=" " ind2=" ">
    <subfield code="a">3a. edici&#xF3;n</subfield>
  </datafield>
  <datafield tag="260" ind1=" " ind2=" ">
    <subfield code="a">M&#xE9;xico</subfield>
    <subfield code="b"> : Patria</subfield>
    <subfield code="c">, 2007</subfield>
  </datafield>
  <datafield tag="300" ind1=" " ind2=" ">
    <subfield code="a">xiv, 314 p&#xE1;ginas</subfield>
    <subfield code="b"> : ilustraciones</subfield>
  </datafield>
  <datafield tag="336" ind1=" " ind2=" ">
    <subfield code="a">texto</subfield>
  </datafield>
  <datafield tag="337" ind1=" " ind2=" ">
    <subfield code="a">sin medio</subfield>
  </datafield>
  <datafield tag="338" ind1=" " ind2=" ">
    <subfield code="a">volumen</subfield>
  </datafield>
  <datafield tag="500" ind1=" " ind2=" ">
    <subfield code="a">Incluye: &#xED;ndice anal&#xED;tico (pp.305-314)</subfield>
  </datafield>
  <datafield tag="505" ind1=" " ind2=" ">
    <subfield code="a">La contabilidad, la entidad y la informaci&#xF3;n financiera
La cuenta
Las cuentas de una entidad comercial
Las normas de informaci&#xF3;n financiera (ante los principios de contabilidad)
La partida doble y los asientos de diario
Registro de las operaciones 
Sistemas de tratamiento contable o operaciones de compraventa de mercancias
M&#xE9;todos de valuaci&#xF3;n de inventarios 
Procedimientos de ajuste
Procedimiento de cierre y obtenci&#xF3;n de estados fianancieros
Pr&#xE1;ctica. Registro de opreaciones y obtenci&#xF3;n de estados financieros de una entidad comercial  </subfield>
  </datafield>
  <datafield tag="519" ind1=" " ind2=" ">
    <subfield code="a">Plan Flexible /</subfield>
    <subfield code="b">Contabilidad / </subfield>
    <subfield code="c">Fundamentos de Contabilidad (B02-3) /</subfield>
    <subfield code="d">(03 003450)

</subfield>
  </datafield>
  <datafield tag="650" ind1="1" ind2="0">
    <subfield code="2"> </subfield>
    <subfield code="a">CONTABILIDAD</subfield>
  </datafield>
  <datafield tag="942" ind1=" " ind2=" ">
    <subfield code="c">LB</subfield>
  </datafield>
</record>
